[Event "Montevideo Duchamp Cup 5th"]
[Site "Montevideo"]
[Date "2022.02.16"]
[Round "6"]
[White "Barreto, Carlos"]
[Black "Gaye, Gustavo"]
[Result "1/2-1/2"]
[WhiteElo "1736"]
[BlackElo "1990"]
[PlyCount "73"]
[EventDate "2022.02.12"]
[EventType "swiss"]
[EventRounds "9"]
[EventCountry "URU"]
[SourceTitle "CBM 206 Extra"]
[Source "ChessBase"]
[SourceDate "2022.03.31"]
[SourceVersion "1"]
[SourceVersionDate "2022.03.31"]
[SourceQuality "1"]

1. e4 g6 2. Nc3 c5 3. f4 Bg7 4. Nf3 Nc6 5. Bb5 Nf6 6. Bxc6 bxc6 7. 0-0 0-0 8. Rb1 d6 9. d3 Rb8 10. Bd2 Qc7 11. Na4 Nd7 12. Qe1 Nb6 13. Nxb6 Qxb6 14. Ba5 Qa6 15. b3 Bd7 16. a4 Rb7 17. Bc3 Bxc3 18. Qxc3 Qb6 19. Kh1 Rfb8 20. Rbe1 Qb4 21. Qd2 Qxd2 22. Nxd2 Kg7 23. h3 Bc8 24. Rf2 Rc7 25. Kh2 Ba6 26. f5 f6 27. h4 Rb4 28. Kh3 h6 29. fxg6 Kxg6 30. Re3 Rb8 31. Rg3+ Kh7 32. h5 Rbc8 33. Nf1 Rg8 34. Ne3 Bc8+ 35. Kh4 Be6 36. Rff3 Rg5 37. Nf5 1/2-1/2

[Event "Montevideo Duchamp Cup 5th"]
[Site "Montevideo"]
[Date "2022.02.14"]
[Round "4"]
[White "Bon, Charles"]
[Black "Gaye, Gustavo"]
[Result "0-1"]
[WhiteElo "1562"]
[BlackElo "1990"]
[PlyCount "106"]
[EventDate "2022.02.12"]
[EventType "swiss"]
[EventRounds "9"]
[EventCountry "URU"]
[SourceTitle "CBM 206 Extra"]
[Source "ChessBase"]
[SourceDate "2022.03.31"]
[SourceVersion "1"]
[SourceVersionDate "2022.03.31"]
[SourceQuality "1"]

1. e4 g6 2. d4 c5 3. c3 cxd4 4. cxd4 d5 5. e5 f6 6. Nf3 Bg7 7. h3 Nh6 8. Bf4 0-0 9. Be2 Nc6 10. Qd2 Nf7 11. exf6 exf6 12. 0-0 Nd6 13. Bxd6 Qxd6 14. Nc3 Be6 15. Rfe1 Rac8 16. Rac1 Rfe8 17. a3 Na5 18. Nb5 Qb6 19. Rxc8 Rxc8 20. Nc3 Nc4 21. Bxc4 Rxc4 22. Qe2 Bf7 23. Qd2 Bf8 24. Qe2 Qc6 25. Qe3 Qb6 26. Qe2 Rc8 27. Qd2 Qb3 28. Rc1 b5 29. Ne2 Rc4 30. Rc3 Qa2 31. Nc1 Qb1 32. Kh2 Bd6+ 33. g3 Be6 34. Nd3 Qf1 35. Rxc4 Qxh3+ 36. Kg1 dxc4 37. Nf4 Qf5 38. Nxe6 Qxe6 39. d5 Qe4 40. Ne1 Kg7 41. Ng2 h5 42. Ne3 Qe7 43. Qa5 Qb7 44. Qd8 Qc7 45. Qxc7+ Bxc7 46. Kg2 Kf7 47. Kf3 Be5 48. Nd1 Ke7 49. Ke4 Kd6 50. f4 f5+ 51. Ke3 Bf6 52. Nc3 Bxc3 53. bxc3 Kxd5 0-1

[Event "Montevideo Duchamp Cup 5th"]
[Site "Montevideo"]
[Date "2022.02.13"]
[Round "3"]
[White "Gaye, Gustavo"]
[Black "Elena, Eduardo"]
[Result "0-1"]
[WhiteElo "1990"]
[BlackElo "1712"]
[PlyCount "126"]
[EventDate "2022.02.12"]
[EventType "swiss"]
[EventRounds "9"]
[EventCountry "URU"]
[SourceTitle "CBM 206 Extra"]
[Source "ChessBase"]
[SourceDate "2022.03.31"]
[SourceVersion "1"]
[SourceVersionDate "2022.03.31"]
[SourceQuality "1"]

1. e4 c5 2. Nc3 e6 3. g3 a6 4. Bg2 Nc6 5. Nge2 Nf6 6. f4 d6 7. 0-0 Be7 8. h3 Qc7 9. d3 Bd7 10. Be3 h5 11. d4 cxd4 12. Nxd4 Rc8 13. Nb3 b5 14. Rc1 0-0 15. g4 hxg4 16. hxg4 d5 17. g5 Nxe4 18. Nxe4 dxe4 19. Bxe4 Bxg5 20. Qh5 Bh6 21. Rf2 f5 22. Bd3 Rf6 23. Rcf1 Be8 24. Qh3 Ne7 25. Nd4 Nd5 26. Bd2 Rg6+ 27. Kh1 Bf7 28. Nxf5 exf5 29. Bxf5 Ne7 30. Bxc8 Bd5+ 31. Kh2 Nxc8 32. Qc3 Rc6 33. Qd4 Qf7 34. Qe5 Ne7 35. Re1 Kh7 36. Re3 Ng6 37. Qh5 Rxc2 38. Rg3 Nh8 39. Qxf7 Nxf7 40. Kg1 Rxb2 41. Bc3 Rb1+ 42. Rf1 Rxf1+ 43. Kxf1 Bxa2 44. Ke2 Nd6 45. Be5 Nc4 46. Bd4 a5 47. Kd1 Nd6 48. Rh3 Nf5 49. Be5 Bc4 50. Kc2 Kg6 51. Kc3 Be6 52. Rh1 Ne3 53. Kd4 Nc4 54. Rg1+ Kf7 55. Bc7 Kf6 56. Bd8+ Kf5 57. Bg5 Nd2 58. Kc5 Bc4 59. Bxh6 gxh6 60. Rh1 Kxf4 61. Rxh6 Ke4 62. Rh3 Nb3+ 63. Kb6 a4 0-1

[Event "Montevideo Duchamp Cup 4th"]
[Site "Montevideo"]
[Date "2020.02.11"]
[Round "5"]
[White "Manteiga, Franco"]
[Black "Gaye, Gustavo"]
[Result "1/2-1/2"]
[WhiteElo "1703"]
[BlackElo "2001"]
[PlyCount "60"]
[EventDate "2020.02.08"]
[EventType "swiss"]
[EventRounds "9"]
[EventCountry "URU"]
[SourceTitle "CBM 194 Extra"]
[Source "ChessBase"]
[SourceDate "2020.03.31"]
[SourceVersion "1"]
[SourceVersionDate "2020.03.31"]
[SourceQuality "1"]

1. d4 c5 2. d5 d6 3. c4 g6 4. Nc3 Bg7 5. e4 Nf6 6. Nge2 0-0 7. Ng3 e6 8. Be2 exd5 9. cxd5 Na6 10. 0-0 Nc7 11. Bg5 h6 12. Be3 Re8 13. a4 b6 14. Qd2 Kh7 15. f3 Rb8 16. Bb5 Bd7 17. Qd3 Re7 18. f4 Ng4 19. e5 Bxb5 20. axb5 Nxe3 21. Qxe3 dxe5 22. f5 Ne8 23. Nce4 Rd7 24. fxg6+ fxg6 25. d6 Rbb7 26. Qf3 Qb8 27. Rad1 Rd8 28. Rd5 Rbd7 29. Rfd1 Qa8 30. Qd3 Qb8 1/2-1/2

[Event "Montevideo zt 2.5"]
[Site "Montevideo"]
[Date "2019.04.18"]
[Round "8"]
[White "Rodriguez Farias, Eduardo"]
[Black "Gaye, Gustavo"]
[Result "1-0"]
[WhiteElo "1898"]
[BlackElo "2000"]
[PlyCount "69"]
[EventDate "2019.04.13"]
[EventType "swiss"]
[EventRounds "9"]
[EventCountry "URU"]
[SourceTitle "CBM 189 Extra"]
[Source "ChessBase"]
[SourceDate "2019.06.03"]
[SourceVersion "1"]
[SourceVersionDate "2019.06.03"]
[SourceQuality "1"]

1. e4 g6 2. d4 Bg7 3. Nf3 c5 4. c3 cxd4 5. cxd4 d5 6. e5 f6 7. Bb5+ Nc6 8. h3 e6 9. 0-0 Nge7 10. exf6 Bxf6 11. Bxc6+ Nxc6 12. Bh6 Qb6 13. Nc3 Bd7 14. Na4 Qd8 15. Re1 Kf7 16. Nc5 b6 17. Nd3 Re8 18. Rc1 Rc8 19. Nfe5+ Kg8 20. Qg4 Nxe5 21. dxe5 Rxc1 22. Rxc1 Bg7 23. Bg5 Qb8 24. f4 Rc8 25. Rf1 Rc4 26. Bf6 Qf8 27. Qg5 Bb5 28. Rf3 Rc2 29. f5 exf5 30. Bxg7 Kxg7 31. Nf4 Rc6 32. e6 Rc7 33. Re3 Qc5 34. Nh5+ Kg8 35. Qd8+ 1-0

[Event "Montevideo zt 2.5"]
[Site "Montevideo"]
[Date "2019.04.13"]
[Round "1"]
[White "Gaye, Gustavo"]
[Black "Tristan, Leonardo"]
[Result "0-1"]
[WhiteElo "2000"]
[BlackElo "2504"]
[PlyCount "60"]
[EventDate "2019.04.13"]
[EventType "swiss"]
[EventRounds "9"]
[EventCountry "URU"]
[SourceTitle "CBM 189 Extra"]
[Source "ChessBase"]
[SourceDate "2019.06.03"]
[SourceVersion "1"]
[SourceVersionDate "2019.06.03"]
[SourceQuality "1"]

1. e4 e5 2. Nc3 Nf6 3. Nf3 Nc6 4. Bb5 Bb4 5. 0-0 0-0 6. d3 d6 7. Bg5 Ne7 8. Bxf6 gxf6 9. d4 c6 10. Be2 Ng6 11. Re1 Kh8 12. a3 Ba5 13. b4 Bc7 14. Qd2 Rg8 15. Kh1 Qf8 16. Bf1 Bg4 17. Ng1 Rd8 18. f3 Bc8 19. d5 f5 20. exf5 Bxf5 21. Nge2 Bc8 22. Ng3 f5 23. Bc4 f4 24. Nge4 Nh4 25. Re2 Rg6 26. Qe1 Qh6 27. Bd3 Nxg2 28. Rxg2 Rxg2 29. Kxg2 Qh3+ 30. Kf2 Qxh2+ 0-1

[Event "Montevideo Duchamp Cup 3rd"]
[Site "Montevideo"]
[Date "2019.02.11"]
[Round "4"]
[White "Rey, Fernando"]
[Black "Gaye, Gustavo"]
[Result "0-1"]
[WhiteElo "1632"]
[BlackElo "1984"]
[PlyCount "38"]
[EventDate "2019.02.09"]
[EventType "swiss"]
[EventRounds "9"]
[EventCountry "URU"]
[SourceTitle "CBM 188 Extra"]
[Source "ChessBase"]
[SourceDate "2019.02.26"]
[SourceVersion "1"]
[SourceVersionDate "2019.02.26"]
[SourceQuality "1"]

1. e4 g6 2. d4 Bg7 3. Nc3 c5 4. Nf3 cxd4 5. Nxd4 Nc6 6. Be3 Nf6 7. f3 0-0 8. Qd2 d5 9. exd5 Nxd5 10. Nxd5 Qxd5 11. Nxc6 Qxc6 12. Rb1 Be6 13. a3 Ba2 14. Rd1 Bxb2 15. Bd4 Rfd8 16. Bxb2 Rxd2 17. Rxd2 Bc4 18. Be2 Bxe2 19. Rxe2 Qb6 0-1

[Event "Montevideo Duchamp Cup 3rd"]
[Site "Montevideo"]
[Date "2019.02.09"]
[Round "1"]
[White "Gaye, Gustavo"]
[Black "Rodriguez Delfino, Tiago"]
[Result "1-0"]
[WhiteElo "1984"]
[BlackElo "1427"]
[PlyCount "85"]
[EventDate "2019.02.09"]
[EventType "swiss"]
[EventRounds "9"]
[EventCountry "URU"]
[SourceTitle "CBM 188 Extra"]
[Source "ChessBase"]
[SourceDate "2019.02.26"]
[SourceVersion "1"]
[SourceVersionDate "2019.02.26"]
[SourceQuality "1"]

1. e4 e6 2. Qe2 Nc6 3. Nf3 Nge7 4. g3 d5 5. d3 g6 6. Bg2 Bg7 7. c3 0-0 8. 0-0 Re8 9. Na3 a6 10. Nc2 Bd7 11. Rd1 Na7 12. d4 Rc8 13. Ne5 Nac6 14. f4 Nxe5 15. dxe5 c6 16. Be3 f5 17. exf5 Nxf5 18. Bf2 c5 19. b3 Qc7 20. Rac1 Red8 21. Ne3 Nxe3 22. Bxe3 a5 23. h4 Be8 24. Bh3 Qe7 25. Bg4 Kh8 26. Rb1 Ra8 27. Rb2 b5 28. Bf3 Rab8 29. Kg2 a4 30. bxa4 bxa4 31. Rdb1 Rxb2 32. Qxb2 Rc8 33. Qb6 Bf8 34. Bg4 Rc6 35. Qb7 Rc7 36. Qb8 Rc6 37. Rb7 Bd7 38. Rxd7 Rb6 39. Qxb6 Qxd7 40. Qxe6 Qb7 41. Qf6+ Qg7 42. Qxg7+ Kxg7 43. Be6 1-0

[Event "URU-chTA"]
[Site "Montevideo"]
[Date "2018.07.08"]
[Round "4.42"]
[White "Gaye, Gustavo"]
[Black "Torres Valdes, Frank"]
[Result "1/2-1/2"]
[WhiteElo "1993"]
[BlackElo "1992"]
[PlyCount "100"]
[EventDate "2018.07.06"]
[EventType "team-swiss"]
[EventRounds "5"]
[EventCountry "URU"]
[SourceTitle "EXT 2019"]
[Source "ChessBase"]
[SourceDate "2018.10.10"]
[SourceVersion "1"]
[SourceVersionDate "2018.10.10"]
[SourceQuality "1"]
[WhiteTeam "Cerro Nau64"]
[BlackTeam "Proa II"]
[WhiteTeamCountry "URU"]
[BlackTeamCountry "URU"]

1. e4 e5 2. Nc3 Nf6 3. Nf3 Nc6 4. Bb5 d6 5. Bxc6+ bxc6 6. d4 exd4 7. Qxd4 Be7 8. Bg5 h6 9. Bh4 0-0 10. 0-0-0 Nh7 11. Bg3 Re8 12. h3 Bd7 13. Bf4 Ng5 14. Nxg5 Bxg5 15. Bxg5 Qxg5+ 16. Kb1 Qe5 17. f3 Qxd4 18. Rxd4 f6 19. Kc1 Kf7 20. Kd2 Rab8 21. b3 Rb7 22. Na4 Re5 23. Nc3 Rg5 24. g4 Re5 25. Re1 Rb8 26. f4 Re7 27. Ra4 Ra8 28. Ra5 Ree8 29. Re3 g5 30. Ne2 c5 31. Kd3 Bc6 32. a3 a6 33. b4 cxb4 34. axb4 Bb5+ 35. c4 Bc6 36. fxg5 hxg5 37. Nd4 Bb7 38. c5 Rad8 39. c6 Bc8 40. b5 axb5 41. Nxb5 Re5 42. Kd4 Ba6 43. Rxa6 Rxb5 44. Ra7 Rc8 45. Rea3 Rc5 46. Rc3 Rxc3 47. Kxc3 Ke7 48. Kc4 Ke6 49. Kd4 Ke7 50. Kd5 Kf7 1/2-1/2

[Event "Montevideo Andrea Memorial 3rd"]
[Site "Montevideo"]
[Date "2018.05.10"]
[Round "2"]
[White "Gaye, Gustavo"]
[Black "De los Reyes, Mauro"]
[Result "1/2-1/2"]
[WhiteElo "2004"]
[BlackElo "1882"]
[PlyCount "38"]
[EventDate "2018.05.08"]
[EventType "swiss"]
[EventRounds "6"]
[EventCountry "URU"]
[SourceTitle "CBM 184 Extra"]
[Source "ChessBase"]
[SourceDate "2018.06.28"]
[SourceVersion "1"]
[SourceVersionDate "2018.06.28"]
[SourceQuality "1"]

1. e4 e6 2. Qe2 d5 3. d3 Nf6 4. Nf3 Be7 5. g3 c5 6. Bg2 Nc6 7. e5 Nd7 8. 0-0 b6 9. c4 dxc4 10. dxc4 Bb7 11. Nc3 a6 12. h4 Qc7 13. Bf4 Nd4 14. Qd3 Bxf3 15. Bxf3 Rd8 16. Rfe1 Nxf3+ 17. Qxf3 Nb8 18. Rad1 0-0 19. Qe4 Nc6 1/2-1/2

[Event "Montevideo Duchamp Cup 2nd"]
[Site "Montevideo"]
[Date "2018.02.03"]
[Round "3"]
[White "Gaye, Gustavo"]
[Black "Garcia Palermo, Carlos H"]
[Result "0-1"]
[WhiteElo "2017"]
[BlackElo "2427"]
[PlyCount "60"]
[EventDate "2018.02.02"]
[EventType "swiss"]
[EventRounds "9"]
[EventCountry "URU"]
[SourceTitle "CBM 182 Extra"]
[Source "ChessBase"]
[SourceDate "2018.02.23"]
[SourceVersion "1"]
[SourceVersionDate "2018.02.23"]
[SourceQuality "1"]

1. e4 c6 2. Nc3 d5 3. Qf3 d4 4. Bc4 e6 5. Nce2 c5 6. d3 Nc6 7. Qg3 h5 8. f4 b5 9. Bb3 Nf6 10. h3 Bb7 11. Bd2 c4 12. e5 h4 13. Qf2 cxb3 14. exf6 bxc2 15. fxg7 Bxg7 16. Rc1 Rc8 17. Nf3 Qd5 18. b3 Qf5 19. Rxc2 Qxd3 20. Rc1 Rd8 21. 0-0 Bf6 22. Rfd1 Qe4 23. Re1 Qd5 24. Kh1 Rg8 25. Rg1 b4 26. Rcd1 d3 27. Nc1 Nd4 28. Ng5 Qf5 29. Qe3 Bxg5 30. fxg5 Nc2 0-1

[Event "Montevideo Duchamp Cup 2nd"]
[Site "Montevideo"]
[Date "2018.02.03"]
[Round "2"]
[White "Van Riemsdijk, Herman Claudius"]
[Black "Gaye, Gustavo"]
[Result "1/2-1/2"]
[WhiteElo "2285"]
[BlackElo "2017"]
[PlyCount "54"]
[EventDate "2018.02.02"]
[EventType "swiss"]
[EventRounds "9"]
[EventCountry "URU"]
[SourceTitle "CBM 182 Extra"]
[Source "ChessBase"]
[SourceDate "2018.02.23"]
[SourceVersion "1"]
[SourceVersionDate "2018.02.23"]
[SourceQuality "1"]

1. e4 c5 2. Nf3 g6 3. d4 cxd4 4. Nxd4 Nc6 5. Be3 Nf6 6. Nc3 Bg7 7. Bc4 0-0 8. Bb3 d6 9. h3 Bd7 10. 0-0 Rc8 11. f4 Qa5 12. Qf3 Nxd4 13. Bxd4 Bc6 14. Nd5 Nxd5 15. Bxg7 Kxg7 16. exd5 Bb5 17. Rfe1 Rfe8 18. Re4 e6 19. Rd1 Bd7 20. Qf2 e5 21. fxe5 Rxe5 22. Rxe5 dxe5 23. Re1 f6 24. Kh1 Qc5 25. Qd2 a5 26. a4 b6 27. c3 Qd6 1/2-1/2

[Event "Montevideo Duchamp Cup 1st"]
[Site "Montevideo"]
[Date "2017.02.14"]
[Round "8"]
[White "Gaye, Gustavo"]
[Black "Martinez, Carlos"]
[Result "1-0"]
[WhiteElo "2061"]
[BlackElo "1714"]
[PlyCount "85"]
[EventDate "2017.02.09"]
[EventType "swiss"]
[EventRounds "9"]
[EventCountry "URU"]
[SourceTitle "CBM 176 Extra"]
[Source "ChessBase"]
[SourceDate "2017.03.02"]
[SourceVersion "1"]
[SourceVersionDate "2017.03.02"]
[SourceQuality "1"]

1. e4 e6 2. d3 d5 3. Qe2 Nf6 4. Nf3 b6 5. e5 Nfd7 6. g3 Bb7 7. Bg2 c5 8. 0-0 Nc6 9. c4 d4 10. Bf4 Be7 11. h4 h6 12. Qd2 Qc7 13. Re1 0-0-0 14. Na3 a6 15. Nc2 Rdg8 16. h5 g5 17. hxg6 Rxg6 18. Qe2 h5 19. Kf1 h4 20. Ng1 Qd8 21. g4 Bg5 22. Bh2 f6 23. exf6 Rxf6 24. Nh3 Rhf8 25. Kg1 R6f7 26. Qxe6 Rf6 27. Qe2 R6f7 28. a3 Bf6 29. Qe6 Qe7 30. Bxc6 Qxe6 31. Bxb7+ Kxb7 32. Rxe6 Bd8 33. Ne1 Nf6 34. f3 Rg8 35. Nf2 Nh5 36. Ne4 Be7 37. b4 cxb4 38. axb4 Ng7 39. Rg6 Rd8 40. c5 b5 41. Raxa6 Kc8 42. Ra7 Bd6 43. Nxd6+ 1-0

[Event "Montevideo Duchamp Cup 1st"]
[Site "Montevideo"]
[Date "2017.02.09"]
[Round "1"]
[White "Delbono Menoni, Ruben"]
[Black "Gaye, Gustavo"]
[Result "0-1"]
[WhiteElo "1626"]
[BlackElo "2061"]
[PlyCount "92"]
[EventDate "2017.02.09"]
[EventType "swiss"]
[EventRounds "9"]
[EventCountry "URU"]
[SourceTitle "CBM 176 Extra"]
[Source "ChessBase"]
[SourceDate "2017.03.02"]
[SourceVersion "1"]
[SourceVersionDate "2017.03.02"]
[SourceQuality "1"]

1. c4 g6 2. Nf3 Bg7 3. g3 Nf6 4. Bg2 0-0 5. 0-0 c5 6. Nc3 Nc6 7. d3 d6 8. Rb1 Bd7 9. a3 Rb8 10. Bd2 h6 11. Re1 b6 12. Nd5 Nxd5 13. cxd5 Na5 14. b4 Nb7 15. Qb3 Qc7 16. Bc3 Rfc8 17. Bxg7 Kxg7 18. Qb2+ Kh7 19. Rec1 Qd8 20. Qd2 Rc7 21. Rc4 Qf8 22. Rh4 Qg7 23. Rc1 b5 24. Ng5+ Kg8 25. Nxf7 Kxf7 26. Rxh6 Rh8 27. Qf4+ Ke8 28. Rxh8+ Qxh8 29. Be4 Qg7 30. Qg5 Kf7 31. h4 Qf6 32. Qe3 Bf5 33. Kg2 Rc8 34. Bf3 a6 35. g4 Bd7 36. g5 Qe5 37. Be4 Qd4 38. Qg3 Kg7 39. Rh1 Rh8 40. Bf3 cxb4 41. axb4 Qxb4 42. h5 gxh5 43. Be4 Qd4 44. Rh4 Nc5 45. Bf5 Qe5 46. Qxe5+ dxe5 0-1

[Event "Montevideo Nau64 10th"]
[Site "Montevideo"]
[Date "2012.08.15"]
[Round "2"]
[White "Gaye, Gustavo"]
[Black "Milans, Carlos"]
[Result "0-1"]
[WhiteElo "2191"]
[BlackElo "2074"]
[PlyCount "68"]
[EventDate "2012.08.13"]
[EventType "tourn"]
[EventRounds "7"]
[EventCountry "URU"]
[SourceTitle "EXT 2022"]
[Source "ChessBase"]
[SourceDate "2021.10.06"]
[SourceVersion "1"]
[SourceVersionDate "2021.10.06"]
[SourceQuality "1"]

1. e4 e6 2. Qe2 c5 3. g3 Nc6 4. Bg2 g6 5. d3 Bg7 6. c3 Nge7 7. Nh3 0-0 8. 0-0 d6 9. f4 b5 10. Be3 Rb8 11. Rd1 b4 12. d4 Qa5 13. Nd2 Ba6 14. Qf2 c4 15. Nb1 bxc3 16. Nxc3 Nb4 17. Qd2 Nd3 18. Nd5 Qd8 19. Nxe7+ Qxe7 20. Rab1 Rfc8 21. Qc3 Nb4 22. Ra1 Qb7 23. e5 d5 24. Bc1 Nd3 25. Rd2 Bf8 26. a3 Qc7 27. Nf2 Rb3 28. Qc2 Qb6 29. Bf1 Ne1 30. Qd1 Nf3+ 31. Kg2 Nxd2 32. Qxd2 c3 33. bxc3 Bxf1+ 34. Kxf1 Rbxc3 0-1